Sports Quiz

Random Sports or Country Quiz

Match the Tennis Player To Their Country Quiz Stats

 Plays Quiz not verified by Sporcle

Score 0/50 Timer 07:00
0 Plays Today
Player Country % Correct
Rafael NadalSpain
98.9%
Roger FedererSwitzerland
98.7%
Andy RoddickUnited States
98%
Andy MurrayGreat Britain
97.5%
Novak DjokovicSerbia
96.6%
Lleyton HewittAustralia
93.5%
David FerrerSpain
92.8%
Gilles SimonFrance
92.2%
John IsnerUnited States
92.2%
Juan Martin Del PotroArgentina
91.4%
Jo-Wilfried TsongaFrance
89.8%
Fabio FogniniItaly
89.7%
Tommy HaasGermany
89%
Stanislas WawrinkaSwitzerland
88.7%
Gael MonfilsFrance
88.2%
Fernando VerdascoSpain
87.9%
Juan Carlos FerreroSpain
86.2%
Nikolay DavydenkoRussia
86%
Sam QuerreyUnited States
85.8%
Marin CilicCroatia
84.7%
Mardy FishUnited States
84.4%
Philipp KohlschreiberGermany
83.8%
Mikhail YouzhnyRussia
83.2%
Benjamin BeckerGermany
82.7%
Robin SoderlingSweden
82.6%
Player Country % Correct
Ivo KarlovicCroatia
82.6%
Taylor DentUnited States
82.5%
Igor AndreevRussia
82.4%
Tommy RobredoSpain
81.8%
Marcos BaghdatisCyprus
79.7%
Tomas BerdychCzech Republic
78%
Fernando GonzalezChile
77.6%
Janko TipsarevicSerbia
77%
Ivan LjubicicCroatia
76%
Juan Ignacio ChelaArgentina
74.1%
Radek StepanekCzech Republic
74%
Jurgen MelzerAustria
73%
Ernests GulbisLatvia
71.6%
Leander PaesIndia
66.9%
Victor HanescuRomania
66.1%
Fabrice SantoroFrance
62%
Thomaz BellucciBrazil
55.9%
Rajeev RamUnited States
54.1%
Potito StaraceItaly
53.6%
Dudi SelaIsrael
52.6%
Simon GreulGermany
48.3%
Alejandro FallaColombia
47.3%
Denis IstominUzbekistan
45.2%
Pablo CuevasUruguay
42.8%
Andrey GolubevKazakhstan
34.1%

You're not logged in!

Compare scores with friends on all Sporcle quizzes.
OR
Log In

Show Comments

Extras

Top Quizzes Today


Score Distribution

Your Account Isn't Verified!

In order to create a playlist on Sporcle, you need to verify the email address you used during registration. Go to your Sporcle Settings to finish the process.

Report this User

Report this user for behavior that violates our Community Guidelines.

Details: